00269nam a2200109Ia 4500008004100000041000800041082001200049100001600061245002500077260002800102300002900130240624s9999 xx 000 0 und d aeng a900 AMI aAMIN SHAHID aSUBALTERN STUDIES IX c2007aNew DelhibOxford ax, : 284 : p. : cm. ; 21